000 00520nam a2200169Ia 4500
003 GCL
008 140319s9999 xx 000 0 ara d
040 _aGCL /
_cGCL
082 0 4 _a030
_bدم
100 1 _aروحى البعلبكى
245 1 0 _aالمورد الصغير: قاموس جيب عربى-انكليزى للمبتدئين /
_cروحى البعلبكى
260 _a[S.N] :
_bدار العلم للملايين ،
_c1992
300 _a240 ص
490 _a
650 0 4 _aالمعاجم
942 _2ddc
_cBK
999 _c52565
_d52565